Ác quỷ thành phố trắng : Án mạng, ảo thuật, và cơn điên tại hội chợ đã thay đổi Hoa Kỳ = The devil in the white city : Murder, magic, and madness at the fair that changed America

Nội dung sách thuật lại hành trình xây dựng Hội chợ thế giới của nhóm kiến trúc sư tài hoa ở Chicago. Nhưng chỉ cách khu hội chợ vài bước chân, tên sát nhân hàng loạt đã xây dựng một khách sạn được trang bị bàn mổ, lò thiêu và những th...

全面介绍

Đã lưu trong:
书目详细资料
主要作者: Larson, Erik
格式: 图书
语言:Undetermined
出版: Thành phố Hồ Chí Minh Thanh niên 2018
主题:
标签: 添加标签
没有标签, 成为第一个标记此记录!
Thư viện lưu trữ: Trung tâm Học liệu Trường Đại học Cần Thơ
LEADER 01419nam a2200241Ia 4500
001 CTU_230637
008 210402s9999 xx 000 0 und d
020 |c 149000 
082 |a 364.15 
082 |b L334 
100 |a Larson, Erik 
245 0 |a Ác quỷ thành phố trắng : 
245 0 |b Án mạng, ảo thuật, và cơn điên tại hội chợ đã thay đổi Hoa Kỳ = The devil in the white city : Murder, magic, and madness at the fair that changed America 
245 0 |c Erik Larson ; Minh Phúc (dịch) 
260 |a Thành phố Hồ Chí Minh 
260 |b Thanh niên 
260 |c 2018 
520 |a Nội dung sách thuật lại hành trình xây dựng Hội chợ thế giới của nhóm kiến trúc sư tài hoa ở Chicago. Nhưng chỉ cách khu hội chợ vài bước chân, tên sát nhân hàng loạt đã xây dựng một khách sạn được trang bị bàn mổ, lò thiêu và những thùng axist, với nhiều thủ đoạn tinh vi tàn ác làm cho xã hội ngầm của thành phố trắng đảo lộn. 
650 |a Kẻ giết người hàng loạt,Serial murderers 
650 |x Tiểu sử,Biography 
650 |z Bang Illinois,Bang Chicago,Illinois,Chicago 
910 |b dqhieu 
980 |a Trung tâm Học liệu Trường Đại học Cần Thơ